Loading...
| Social Science | 0 | 3 | 1 | 0 | 25 | 98 | 111.67 | 2 | 3 |
| Religion | 0 | 2 | 0 | 0 | 20 | 118 | 128.00 | 1 | 2 |
| Fine Arts - Painting and Sculpture | 0 | 1 | 0 | 0 | 10 | 108 | 108.00 | 0 | 1 |
| History - American History | 0 | 1 | 0 | 1 | 10 | 126 | 126.00 | 0 | 1 |
| History - European History | 0 | 1 | 0 | 0 | 10 | 151 | 151.00 | 0 | 1 |
| Science - Physics | 0 | 1 | 0 | 0 | 10 | 121 | 121.00 | 0 | 1 |
| Science - Biology | 0 | 1 | 0 | 0 | 10 | 130 | 130.00 | 0 | 1 |
| Fine Arts - Classical Music | 0 | 1 | 0 | 0 | 10 | 125 | 125.00 | 1 | 1 |
| Fine Arts - Other Fine Arts | 0 | 1 | 0 | 0 | 10 | 141 | 141.00 | 1 | 1 |
| Literature - British Literature | 0 | 0 | 0 | 0 | 0 | 0.00 | 0 | 0 | |
| Current Events | 0 | 0 | 0 | 0 | 0 | 0.00 | 0 | 0 | |
| Other Academic | 0 | 0 | 1 | 0 | -5 | 0.00 | 0 | 0 | |
| Literature - World Literature | 0 | 0 | 1 | 0 | -5 | 0.00 | 0 | 0 | |
| Science - Other Science | 0 | 0 | 1 | 0 | -5 | 0.00 | 0 | 0 | |
| Literature - American Literature | 0 | 0 | 1 | 0 | -5 | 0.00 | 0 | 0 | |
| History - Other History | 0 | 0 | 2 | 0 | -10 | 0.00 | 0 | 0 |